[Event "DVM U14 2012"]
[Site "Magdeburg GER"]
[Date "2012.12.28"]
[Round "3"]
[White "Karlisch, Moritz"]
[Black "Schamschurko, André"]
[Result "1-0"]
[Termination "normal"]
[Board "8.4"]
[WhiteElo "1294"]
[BlackElo "1720"]
[WhiteTeam "SK Doppelbauer Kiel"]
[BlackTeam "USV TU Dresden"]
[WhiteFideId "12964859"]
[BlackFideId "24695670"]
[EventCountry "GER"]
[EventRounds "7"]
[EventType "team-swiss"]
[EventDate "2012.12.26"]

1. e4 c5 2. Nf3 Nc6 3. d4 cxd4 4. Nxd4 e5 5. Nb5 d6 6. N1c3 a6 7. Na3 Be7 8.
Be3 Nf6 9. Be2 O-O 10. f3 b5 11. Nd5 Nxd5 12. exd5 Na5 13. O-O f5 14. Rc1 Qc7
15. c4 b4 16. Nb1 Nb7 17. Qe1 a5 18. a3 bxa3 19. Nxa3 Nc5 20. Nb5 Qb6 21. Ra1
Bd7 22. Kh1 Bxb5 23. cxb5 Qb7 24. b4 axb4 25. Qxb4 Kh8 26. Bc4 Rfc8 27. Bxc5
Rxc5 28. Rxa8+ Qxa8 29. b6 Qb8 30. Ra1 Rxc4 31. Qxc4 Qxb6 32. Ra8+ Bd8 33. h3
h6 34. Qc8 Qe3 35. Qxd8+ Kh7 36. Qh8+ Kg6 37. Qe8+ Kh7 38. Qg8+ Kg6 39. Qe6+
Kg5 40. Qe7+ Kg6 41. Qxd6+ Kg5 42. Qe7+ Kg6 43. Qe6+ Kg5 44. Ra1 Qc3 45. Rg1
1-0

[Event "DVM U14 2012"]
[Site "Magdeburg GER"]
[Date "2012.12.28"]
[Round "3"]
[White "Berezhnoy, Alex"]
[Black "Nicolai, Tim"]
[Result "0-1"]
[Termination "normal"]
[Board "9.1"]
[WhiteElo "1598"]
[BlackElo "1647"]
[WhiteTeam "VSF 1975 Düsseldorf-Süd"]
[BlackTeam "SV Empor Erfurt"]
[WhiteFideId "12918997"]
[BlackFideId "12964930"]
[EventCountry "GER"]
[EventRounds "7"]
[EventType "team-swiss"]
[EventDate "2012.12.26"]

1. e4 e5 2. Nf3 Nc6 3. Bb5 a6 4. Ba4 Nf6 5. O-O d6 6. d4 b5 7. Bb3 Bg4 8. Bd5
Nxd5 9. exd5 Nxd4 10. Nbd2 f5 11. h3 Bh5 12. g4 Nxf3+ 13. Qxf3 fxg4 14. hxg4
Qg5 15. a4 b4 16. a5 Be7 17. Ra4 Rb8 18. Nb3 Qxg4+ 19. Qxg4 Bxg4 20. Bd2 O-O
21. Rxb4 Rxb4 22. Bxb4 Bh4 23. f3 Bh3 24. Rd1 Rxf3 25. Nd2 Rf4 26. Bc3 Bf5 27.
Rc1 Bf2+ 28. Kg2 Be3 29. b4 Rf2+ 30. Kg3 Bxd2 31. Bxd2 Rxd2 32. Ra1 Rxc2 33. b5
Bc8 34. b6 Rc3+ 35. Kf2 cxb6 36. axb6 Bb7 0-1

[Event "DVM U14 2012"]
[Site "Magdeburg GER"]
[Date "2012.12.28"]
[Round "3"]
[White "Allin, Alexander"]
[Black "Surguchov, Alexander"]
[Result "1-0"]
[Termination "normal"]
[Board "9.2"]
[WhiteElo "1448"]
[BlackElo "1724"]
[WhiteTeam "SV Empor Erfurt"]
[BlackTeam "VSF 1975 Düsseldorf-Süd"]
[WhiteFideId "12903698"]
[BlackFideId "1272035"]
[EventCountry "GER"]
[EventRounds "7"]
[EventType "team-swiss"]
[EventDate "2012.12.26"]

1. e4 e6 2. d4 d5 3. exd5 exd5 4. Bd3 Bd6 5. h3 Nc6 6. c3 Nge7 7. Qe2 Be6 8.
Nf3 f6 9. Qxe6 Qd7 10. Qxd7+ Kxd7 11. O-O g5 12. Nh2 h5 13. f4 Rag8 14. fxg5
fxg5 15. Be2 g4 16. hxg4 Bxh2+ 17. Kxh2 hxg4+ 18. Kg3 Rh7 19. Rf4 Nd8 20. Rxg4
Nf5+ 21. Kf2 Rf8 22. Kg1 Rfh8 23. Nd2 Ne3 24. Rg3 Ne6 25. Rxe3 Nf4 26. Kf2 Rf8
27. Rf3 Re7 28. Bf1 b6 29. Nb3 Ne6 30. Rxf8 Nxf8 31. Be3 Nh7 32. Nd2 Nf6 33.
Be2 Rf7 34. Bf3 Ne4+ 35. Ke2 Ng3+ 36. Kd3 Kd6 37. Bf2 Ne4 38. Bxe4 Rxf2 39. Bf3
c5 40. Ke3 cxd4+ 41. cxd4 1-0

[Event "DVM U14 2012"]
[Site "Magdeburg GER"]
[Date "2012.12.28"]
[Round "3"]
[White "Schmitz, Fabian"]
[Black "Sommer, Jan"]
[Result "1-0"]
[Termination "normal"]
[Board "9.3"]
[WhiteElo "1420"]
[BlackElo "1684"]
[WhiteTeam "VSF 1975 Düsseldorf-Süd"]
[BlackTeam "SV Empor Erfurt"]
[WhiteFideId "12965006"]
[BlackFideId "24690090"]
[EventCountry "GER"]
[EventRounds "7"]
[EventType "team-swiss"]
[EventDate "2012.12.26"]

1. e4 e5 2. Nf3 Nc6 3. Bb5 a6 4. Ba4 Nf6 5. d3 Bc5 6. Bxc6 dxc6 7. Nxe5 Qd4 8.
Be3 Qxe5 9. d4 Qxe4 10. dxc5 Qxg2 11. Rf1 Bh3 12. Nd2 Qxh2 13. Nf3 Rd8 14.
Qxd8+ Kxd8 15. Nxh2 Bxf1 16. Nxf1 Re8 17. O-O-O+ Kc8 18. Nh2 Nd5 19. Rg1 g6 20.
Ng4 h5 21. Nh6 Nxe3 22. fxe3 Re7 23. Rf1 f5 24. Rg1 Rg7 25. Nxf5 Rg8 26. Ne7+
1-0

[Event "DVM U14 2012"]
[Site "Magdeburg GER"]
[Date "2012.12.28"]
[Round "3"]
[White "Wulfhorst, Noah"]
[Black "Maurer, Noah"]
[Result "1/2-1/2"]
[Termination "normal"]
[Board "10.1"]
[WhiteElo "1619"]
[BlackElo "1649"]
[WhiteTeam "Gütersloher SV"]
[BlackTeam "SG Königskinder Hohentübingen"]
[WhiteFideId "12964956"]
[BlackFideId "12920673"]
[EventCountry "GER"]
[EventRounds "7"]
[EventType "team-swiss"]
[EventDate "2012.12.26"]

1. e4 e6 2. d4 d5 3. Nd2 Nf6 4. e5 Nfd7 5. Bd3 c5 6. c3 Qb6 7. Ne2 Nc6 8. Nf3
Be7 9. O-O O-O 10. Nf4 Ndb8 11. dxc5 Qc7 12. Re1 h6 13. Bc2 f5 14. Nd4 Nd8 15.
Ng6 Rf7 16. Nxe7+ Rxe7 17. Be3 Nd7 18. f4 Nxc5 19. b4 Ne4 20. Bxe4 fxe4 21. Qd2
Bd7 22. a4 Qc4 23. Reb1 a6 24. Nc2 Rc8 25. Ra3 Nf7 26. Bc5 Ree8 27. Nd4 a5 28.
Qe2 Qxe2 29. Nxe2 axb4 30. cxb4 b5 31. a5 Nd8 32. a6 Nc6 1/2-1/2

[Event "DVM U14 2012"]
[Site "Magdeburg GER"]
[Date "2012.12.28"]
[Round "3"]
[White "Shankar, Ajay"]
[Black "Pfaffenrot, Daniel"]
[Result "0-1"]
[Termination "normal"]
[Board "10.2"]
[WhiteElo "1562"]
[BlackElo "1472"]
[WhiteTeam "SG Königskinder Hohentübingen"]
[BlackTeam "Gütersloher SV"]
[WhiteFideId "12938394"]
[BlackFideId "12964972"]
[EventCountry "GER"]
[EventRounds "7"]
[EventType "team-swiss"]
[EventDate "2012.12.26"]

1. d4 d5 2. c4 e6 3. e3 Nf6 4. Nf3 Be7 5. Nc3 O-O 6. Bd3 b6 7. cxd5 exd5 8. h3
Bb7 9. O-O c5 10. Re1 Nc6 11. a3 Re8 12. Bb1 Bf8 13. Bd2 h6 14. Qc2 g6 15. dxc5
Bxc5 16. Nh4 Ne4 17. Nxe4 dxe4 18. g3 Ne5 19. Kg2 Be7 20. Rd1 Bxh4 21. Bc3 Qg5
22. Bxe5 Rxe5 23. Qc7 Re7 24. Rd7 Rxd7 25. Qxd7 Qe7 26. Qxe7 Bxe7 27. Ba2 Rd8
28. Rc1 Rc8 29. Rd1 Rd8 30. Rc1 Bd6 31. Rd1 Bc7 32. Rc1 Be5 33. Rc2 Kf8 34. Kf1
Ba6+ 35. Ke1 Bb7 36. Kf1 f5 0-1

[Event "DVM U14 2012"]
[Site "Magdeburg GER"]
[Date "2012.12.28"]
[Round "3"]
[White "Andes, Otto"]
[Black "Hurm, Marius"]
[Result "0-1"]
[Termination "normal"]
[Board "10.3"]
[WhiteElo "1364"]
[BlackElo "1400"]
[WhiteTeam "Gütersloher SV"]
[BlackTeam "SG Königskinder Hohentübingen"]
[WhiteFideId "12964980"]
[BlackFideId "12951552"]
[EventCountry "GER"]
[EventRounds "7"]
[EventType "team-swiss"]
[EventDate "2012.12.26"]

1. e4 e5 2. Nf3 Nc6 3. Bc4 Bc5 4. d3 Nf6 5. O-O d6 6. h3 Be6 7. Bb5 Qd7 8. Ng5
h6 9. Nxe6 Qxe6 10. c3 O-O 11. Bxc6 bxc6 12. Re1 Rfe8 13. Be3 Bxe3 14. Rxe3 d5
15. Nd2 Rab8 16. Re1 Rxb2 17. Nb3 dxe4 18. Qc1 Rxb3 19. axb3 exd3 20. Qd1 Qd5
21. Re3 e4 22. Rxa7 Qc5 23. Ra4 Kh7 24. Rc4 Qa5 25. Rxc6 Nd5 26. Rg3 Nxc3 27.
Qe1 Ne2+ 28. Kf1 Nxg3+ 29. fxg3 Qxe1+ 30. Kxe1 e3 31. Rxc7 Ra8 32. Kd1 Ra1+ 33.
Rc1 Rxc1+ 0-1

[Event "DVM U14 2012"]
[Site "Magdeburg GER"]
[Date "2012.12.28"]
[Round "3"]
[White "Sänger, Julius"]
[Black "Haase, Kai"]
[Result "0-1"]
[Termination "normal"]
[Board "10.4"]
[WhiteElo "1029"]
[BlackElo "1402"]
[WhiteTeam "SG Königskinder Hohentübingen"]
[BlackTeam "Gütersloher SV"]
[WhiteFideId "12920703"]
[BlackFideId "12964999"]
[EventCountry "GER"]
[EventRounds "7"]
[EventType "team-swiss"]
[EventDate "2012.12.26"]

1. e4 e5 2. Nf3 Nc6 3. Bc4 Be7 4. Nc3 Nf6 5. d4 d6 6. Bb5 Bd7 7. Bg5 O-O 8. h3
Re8 9. a3 a6 10. Bc4 exd4 11. Nd5 Nxd5 12. Bxd5 Bxg5 13. Nxd4 Nxd4 14. Qxd4 c6
15. Ba2 Be6 16. b3 Bf6 0-1